00417nam a2200133Ia 4500008004100000020001600041050002900057100002300086245006000109260004400169300002300213440003400236520001300270150610s9999 xx 000 0 und d a0 448089084 aPS3507b.I9274 M875 1994 aDixon, Franklin W. 4aThe mystery of Cabin island / cby Franklin W. Dixon. aNew York : bGrosset & Dunlap,c1994. a178pages ;c20 cm. aHardy boy mystery stories ; 8 aFiction.